00469nam a22001577a 450000500170000001000150001702000260003203500140005803700130007208200130008510000170009824500530011526000340016827000740020230000350027620220413120212.0 aENG-132301 a9789386078247c670.00 aEN-115833 bDBAD/PUB a294.5513 aYadav, Vivek aDance and Ritual of Early Hinduism/cVivek Yadav aDelhibPrakashan Kendrac2018 bDelhia1/11955, First Floor oad No. 65 Subhash Marg, Shahdarae110032 a176p.bBibliographyc22cm(hbk)